00698nam a2200205 i 450000100060000000300090000600500170001500700030003200800410003510000280007624500460010425000150015026000460016530000220021149000400023383000480027385200320032199900170035395201220037050400ES-MaACL20230906162155.0t|030804s1965 ag ||||1| spa d1 aCrusat, Paulina.94177310aRelaciones solitarias / cPaulina Crusat. a[1ª ed.]. aBuenos Aires : bPlaza & Janés, c1965. a264 p. ; c25 cm.1 aSelecciones de la lengua española0 aSelecciones de la lengua española9184574 aES-MaACLjC-27843 bR.57085 c50400d50400 00104070aATENEOMbATENEOMcDEPO2d2008-01-17eSCl0oC-27843p1053013r2023-02-23 00:00:00w2023-02-23yMONOGRAFIA